| 000 | 00568nam a22001577a 4500 | ||
|---|---|---|---|
| 005 | 20260422140627.0 | ||
| 008 | 260422b |||||||| |||| 00| 0 eng d | ||
| 020 | _a9780060927233 | ||
| 100 | _aColby Gerard and Dennett Charlotte | ||
| 245 |
_aThy will be done _bThe quest of the amazon: Nelson rockefeller and evangelism in the age of oil _cby Colby Gerard and Dennett Charlotte |
||
| 260 |
_aUK _bHarper collins publishers _cc1976 |
||
| 300 |
_axvi,960p, _bill |
||
| 500 | _aIncludes index | ||
| 700 |
_aColby Gerard and Dennett Charlotte _eAuthors |
||
| 942 |
_2lcc _cBK _n0 |
||
| 999 |
_c9484 _d9484 |
||